| 000 | 00686nam a22002052i 4500 | ||
|---|---|---|---|
| 001 | 161423 | ||
| 003 | ES-MaACL | ||
| 005 | 20251014063233.0 | ||
| 008 | 940602s1900 fr |||| | fre d | ||
| 040 |
_aCAT _bspa _cCAT _dCCPB |
||
| 080 | 4 | _a392 | |
| 100 | 1 |
_aParent-Duchâtelet, Alexandre Jean Baptiste, _d1790-1836 _9130851 |
|
| 245 | 1 | 3 |
_aLa Prostitution à Paris / _cpar le Dr. Parent-Duchatelet. |
| 250 | _aNouv. éd. | ||
| 260 |
_aParis : _bPierre Fort, _c[s.a.] |
||
| 300 |
_a360, 8 p. ; _c18 cm. |
||
| 596 | 1 | _aNUC lo data en 1900. | |
| 852 |
_aES-MaACL _jB-13453 _z-- Rúst., falto de la cub. ant. _x-- Edic.: en la cub. consta 1900 |
||
| 999 |
_c161423 _d161423 |
||